| 000 | 00498nam a22001577a 4500 | ||
|---|---|---|---|
| 005 | 20251110201819.0 | ||
| 008 | 251110b |||||||| |||| 00| 0 eng d | ||
| 020 | _a9780023635267 | ||
| 050 |
_aTK454 _b.K46 |
||
| 100 | _aKeown, John | ||
| 245 |
_aPspice and Circuit Analysis _cJohn Keown |
||
| 250 | _a2nd ed. | ||
| 260 |
_aNew York _aCanada, Toronto _aNew York _bMerrill _bMaxwell Macmillan _bMaxwell Macmillan International _c1993 |
||
| 300 |
_axix. 562p. _bill. _c23.5cm |
||
| 942 |
_2lcc _cBK _e2nd ed. _n0 |
||
| 999 |
_c8208 _d8208 |
||